| 000 | 00467nam a22001817a 4500 | ||
|---|---|---|---|
| 999 |
_c3773 _d3773 |
||
| 003 | GBCCL | ||
| 005 | 20241126110503.0 | ||
| 008 | 171208b xxu||||| |||| 00| 0 eng d | ||
| 020 | _a0-88062-114-1 | ||
| 040 | _cgbc | ||
| 082 |
_a248 _bSTO |
||
| 100 |
_aStobbe, Leslie H. _97434 |
||
| 245 |
_aLiving with others / _cLeslie H. Stobbe |
||
| 260 |
_aMichigan: _bMott Media, _c1985 |
||
| 300 |
_a102 p.; _bill., _c21 cm. |
||
| 650 |
_aChristian life _9183 |
||
| 942 |
_2ddc _cBK |
||